Sports Quiz

Random Sports or Baseball Quiz
Score 0/51 Timer 10:00
5 Plays Today
Team (# of times accomplished) Player % Correct
Atlanta BravesRonald Acuña Jr.
81.3%
Los Angeles Angels (5x)Mike Trout
79.6%
Milwaukee Brewers (3x)Ryan Braun
78.3%
Colorado Rockies (4x)Carlos Gonzalez
77.8%
Cleveland IndiansJosé Ramírez
76%
Boston Red Sox (3x)Mookie Betts
74.1%
Milwaukee BrewersChristian Yelich
74.1%
Arizona Diamondbacks (2x)Paul Goldschmidt
72.9%
Washington NationalsBryce Harper
70.1%
Pittsburgh Pirates (3x)Andrew McCutchen
68.3%
Cleveland IndiansFrancisco Lindor
68.1%
Houston Astros (2x)Jose Altuve
68%
Chicago CubsJavier Baez
67.3%
Colorado RockiesTrevor Story
63%
Boston Red SoxDustin Pedroia
62.5%
Florida Marlins, Miami Marlins, Los Angeles DodgersHanley Ramirez
62.3%
Philadelphia PhilliesJimmy Rollins
61.6%
Baltimore OriolesManny Machado
61.3%
Los Angeles DodgersMatt Kemp
60.3%
Boston Red SoxJacoby Ellsbury
58.8%
Arizona DiamondbacksJustin Upton
58.4%
Tampa Bay Rays (2x), Toronto Blue JaysMelvin (B.J.) Upton
58.2%
Pittsburgh PiratesStarling Marté
57.3%
Baltimore OriolesJonathan Villar
50.5%
New York YankeesBrett Gardner
48.5%
San Francisco GiantsHunter Pence
47.6%
Team (# of times accomplished) Player % Correct
San Diego Padres (2x)Wil Myers
47.6%
Texas RangersElvis Andrus
46.4%
Chicago White SoxTim Anderson
44.4%
New York YankeesCurtis Granderson
44.1%
Arizona DiamondbacksA.J. Pollock
43.3%
Milwaukee Brewers (2x)Carlos Gomez
42.1%
Washington Nationals (3x), Texas Rangers, Colorado RockiesIan Desmond
42%
Cleveland IndiansMichael Brantley
38.9%
Boston Red SoxAndrew Benintendi
38.7%
Cincinnati RedsTodd Frazier
37.6%
Minnesota TwinsBrian Dozier
37.2%
Texas RangersIan Kinsler
36.8%
Texas RangersDanny Santana
36.4%
Arizona Diamondbacks (2x)Chris Young
34.4%
Atlanta BravesJason Heyward
30.1%
Oakland AthleticsCoco Crisp
27.1%
Cleveland Indians, Cincinnati RedsShin-Soo Choo
26.9%
St. Louis CardinalsTommy Pham
25.8%
Arizona DiamondbacksJean Segura
25.3%
Los Angeles AngelsBobby Abreu
23.6%
Chicago White Sox (2x)Alex Rios
15.9%
Milwaukee BrewersKeon Broxton
13.9%
Cincinnati RedsDrew Stubbs
11.7%
San Diego PadresWill Venable
9.1%
Kansas City RoyalsJeff Francoeur
4.8%

You're not logged in!

Compare scores with friends on all Sporcle quizzes.
OR
Log In

Sporcle TV

Today on Sporcle TV


Watch our educational content, quiz creation guides, and fun videos on Sporcle TV.

Show Comments

Extras

Top Quizzes Today


Score Distribution

Paid Content

Your Account Isn't Verified!

In order to create a playlist on Sporcle, you need to verify the email address you used during registration. Go to your Sporcle Settings to finish the process.

Report this User

Report this user for behavior that violates our Community Guidelines.

Details: